000 00927cab a2200253 4500
001 ABS57648
008 090401t1997 xxu||||| |||| 00| 0 eng d
035 _a(Sirsi) u81057
041 _aeng
100 _aSelway, M.
245 _aNo boundaries
260 _c1997
350 _a0
490 _aCertified Accountant
_vSeptember 1997, 27-29(3)
520 _aConsiders how companies can benefit from introducing flexible working principles into the office environment. Uses Catalyst Solutions plc as an example. The company equips its employees with laptops, ISDN links to their homes and a `groupware` application using Lotus notes which allows users to work in virtual teams.
650 _aFLEXIBLE WORKING
650 _aMOBILE COMPUTING
650 _aREMOTE WORKING
650 _aTELEWORKING
650 _aVIRTUAL OFFICES
690 _aOFFICE SERVICES AND ADMINISTRATION
942 _n0
948 _c24/09/1997
999 _c51068
_d51068